000 00554nmm a2200193Ia 4500
008 251105s9999||||xx |||||||||||||||||und||
020 _a9789587713275
041 _aspa
100 _aBaena Toro, Diego
245 0 _aSistema financiero colombiano
264 _a[Bogotá, Colombia] :
_bEcoe Ediciones,
_c2016
300 _a328 páginas
490 _aCiencias empresariales
650 _aEconomics and Business
700 _aBaena Toro, Diego
700 1 _a Hoyos, Hernan
856 _uhttps://public.digitaliapublishing.com/a/47085
942 _cCF
999 _c62382
_d62382